6 to 1: Asia Quiz Stats

Quiz Updated Dec 3, 2017

Challenge
Share
Tweet
Embed
Score 0/21 Timer 05:00
9 Plays Today
Answer % Correct
Uzbekistan
92.6%
Turkmenistan
91.9%
Afghanistan
91.9%
Kazakhstan
91.4%
Israel
90.5%
Turkey
90.1%
Tajikistan
87.1%
Syria
86.2%
Mongolia
86.1%
Nepal
85.7%
Kyrgyzstan
85.6%
Answer % Correct
Lebanon
84.4%
Palestine
80.6%
Bhutan
78.1%
Tokyo
76.3%
Singapore
71.8%
Brunei
66.1%
Pyongyang
62.7%
Bahrain
61.1%
Maldives
51.5%
Phnom Penh
44.8%

You're not logged in!

Compare scores with friends on all Sporcle quizzes.
Join for Free
OR
Log In

You Might Also Like...

Show Comments

Extras

Top Quizzes Today


Score Distribution

Your Account Isn't Verified!

In order to create a playlist on Sporcle, you need to verify the email address you used during registration. Go to your Sporcle Settings to finish the process.

Report this User

Report this user for behavior that violates our Community Guidelines.

Details: